[Event "CZE-chT 0607"]
[Site "Czech Republic"]
[Date "2006.12.02"]
[Round "3.6"]
[White "Bernasek, Jan"]
[Black "David, Pavel"]
[Result "1/2-1/2"]
[WhiteElo "2470"]
[BlackElo "2411"]
[PlyCount "81"]
[EventDate "2006.12.01"]
[EventType "team"]
[EventRounds "11"]
[EventCountry "CZE"]
[SourceTitle "CBM 115 Extra"]
[Source "ChessBase"]
[SourceDate "2007.01.10"]
[SourceVersion "1"]
[SourceVersionDate "2007.01.10"]
[SourceQuality "1"]
[WhiteTeam "Pardubice"]
[BlackTeam "Zlin"]
[WhiteTeamCountry "CZE"]
[BlackTeamCountry "CZE"]

1. d4 Nf6 2. c4 g6 3. Nc3 d5 4. Nf3 Bg7 5. e3 0-0 6. Qb3 e6 7. Bd2 b6 8. Be2 Bb7 9. 0-0 Nbd7 10. Rfd1 c5 11. Be1 Qe7 12. Rac1 Rfd8 13. cxd5 Nxd5 14. Qa3 cxd4 15. Qxe7 Nxe7 16. Nxd4 a6 17. Na4 Nd5 18. Bf3 Rac8 19. Nb3 Bc6 20. Nc3 Nxc3 21. Bxc3 Bxf3 22. gxf3 Bxc3 23. Rxc3 Rxc3 24. bxc3 Kf8 25. Rd6 Ke7 26. Rc6 Rb8 27. Nd2 Rb7 28. Nc4 b5 29. Na5 Rb6 30. Rc7 Rd6 31. Nc6+ Kf6 32. f4 g5 33. fxg5+ Kxg5 34. Kg2 f5 35. f4+ Kf6 36. Kf3 h6 37. Rc8 Nb6 38. Rc7 Nd5 39. Rc8 Nb6 40. Rc7 Nd5 41. Rc8 1/2-1/2

[Event "CZE-chT 0506"]
[Site "Czech Republic"]
[Date "2006.02.26"]
[Round "9"]
[White "David, Pavel"]
[Black "Kulhanek, Tomas"]
[Result "1-0"]
[WhiteElo "2398"]
[BlackElo "2380"]
[PlyCount "57"]
[EventDate "2005.10.15"]
[EventType "team-tourn"]
[EventRounds "11"]
[EventCountry "CZE"]
[SourceTitle "EXT 2019"]
[Source "ChessBase"]
[SourceDate "2018.10.10"]
[SourceVersion "1"]
[SourceVersionDate "2018.10.10"]
[SourceQuality "1"]
[WhiteTeam "Zlin"]
[BlackTeam "Turnov Zikuda"]
[WhiteTeamCountry "CZE"]
[BlackTeamCountry "CZE"]

1. e4 c5 2. Nf3 Nc6 3. c3 Nf6 4. e5 Nd5 5. d4 cxd4 6. Bc4 Nb6 7. Bb3 d6 8. exd6 Qxd6 9. 0-0 Be6 10. Na3 a6 11. Bxe6 Qxe6 12. Nxd4 Nxd4 13. Qxd4 Rd8 14. Qh4 h5 15. h3 f6 16. Be3 g5 17. Qg3 Nd5 18. Rad1 Qd6 19. Qf3 Qe6 20. Bc1 g4 21. Qd3 gxh3 22. Qg6+ Kd7 23. c4 Kc8 24. cxd5 Qd6 25. Qf5+ Rd7 26. Nc4 Qb4 27. Bd2 Qb5 28. a4 Qb3 29. Rfe1 1-0

[Event "CZE-chT 0506"]
[Site "Czech Republic"]
[Date "2006.01.14"]
[Round "7"]
[White "David, Pavel"]
[Black "Vesselovsky, Serguei"]
[Result "1/2-1/2"]
[WhiteElo "2398"]
[BlackElo "2399"]
[PlyCount "63"]
[EventDate "2005.10.15"]
[EventType "team-tourn"]
[EventRounds "11"]
[EventCountry "CZE"]
[SourceTitle "EXT 2019"]
[Source "ChessBase"]
[SourceDate "2018.10.10"]
[SourceVersion "1"]
[SourceVersionDate "2018.10.10"]
[SourceQuality "1"]
[WhiteTeam "Zlin"]
[BlackTeam "Grygov A64 Valoz"]
[WhiteTeamCountry "CZE"]
[BlackTeamCountry "CZE"]

1. c4 g6 2. Nc3 Bg7 3. g3 Nf6 4. Bg2 0-0 5. e4 c5 6. Nge2 d6 7. 0-0 Nc6 8. d3 Ne8 9. Be3 Nd4 10. Qd2 Nc7 11. Bh6 Bxh6 12. Qxh6 Nxe2+ 13. Nxe2 Rb8 14. h4 e5 15. f4 Qf6 16. f5 Qg7 17. Qe3 f6 18. g4 gxf5 19. gxf5 Kh8 20. Kh2 Bd7 21. Bf3 Rg8 22. Rg1 Qe7 23. Ng3 Be8 24. Rg2 Bf7 25. Qh6 Rg7 26. Rag1 Rbg8 27. Bh5 Ne8 28. Bxf7 Qxf7 29. Nh5 Rxg2+ 30. Rxg2 Rxg2+ 31. Kxg2 Kg8 32. Kf2 1/2-1/2